Pays dont le gentilé est invariant au féminin - Statistiques

Statistiques générales
  • Ce quiz a été pris 109 fois
    93 depuis la dernière actualisation
  • Le résultat moyen est 11 sur 19
Réponses sur la Carte
Les réponses sont colorées sur une échelle allant du rouge au vert en fonction du pourcentage des utilisateurs qui les ont devinées à leur premier essai. Vous pouvez retrouver ces pourcentages ci-dessous.
 
Statistiques - réponses
Hint Hint Pays % Correct
577 52 Russie
89%
418.0 108.0 Croatie
76%
391.0 91.0 Belgique
73%
427.6 113.0 Serbie
73%
423.0 98.0 Slovaquie
68%
437.8 117.9 Bulgarie
65%
444.4 102.0 Moldavie
65%
413.0 106.5 Slovénie
64%
486.0 324.3 Madagascar
63%
397.2 114.5 Monaco
63%
414.0 93.8 République tchèque
63%
443.4 81.2 Biélorussie
60%
455.3 143.7 Chypre
53%
377 86 Royaume-Uni
49%
488.3 208.2 Yémen
43%
177.4 210.0 Guatemala
35%
513.0 130.6 Turkménistan
31%
548.0 122.0 Kirghizistan
28%
377.0 219.0 Burkina Faso
25%
Aucun quiz correspondant
Distribution des résultats
% des personnes avec chaque résultat
Percentile par nombre de réponses
Votre historique - résultats
Vous n’avez pas pris ce quiz depuis la dernière actualisation